000
00296nam a22001337a 4500
020
_a
81-7564-136-3
082
_a
591
_b
TUL/S
100
_a
TULI, S.K
245
_a
DICTIONARY OF ZOOLOGY
260
_a
DELHI
_b
SAHNI PUBLICATIONS
300
_a
359
650
_a
BIOLOGY REFERENCE
_z
INDIA
942
_c
BK
999
_c
1357
_d
1357